| 000 | 00523nam a2200205Ia 4500 | ||
|---|---|---|---|
| 003 | OSt | ||
| 005 | 20230427102132.0 | ||
| 008 | 210423s2008 xx 000 0 und d | ||
| 020 | _a817649366x | ||
| 040 | _cAL | ||
| 041 | _aeng | ||
| 082 |
_a808.51 FROL _223 |
||
| 100 |
_aFROTHINGHAM (Andrew). _993719 |
||
| 245 | _aLast minute speeches and toasts. | ||
| 260 |
_aNew Delhi _bViva Books Pvt Ltd _c2008 |
||
| 300 |
_a159 _bPB |
||
| 365 |
_b150 _cINR |
||
| 906 | _aLast ; minute ; speeches ; toasts. | ||
| 942 |
_2ddc _cBK |
||
| 999 |
_c161752 _d161752 |
||